Normal view
MARC view
Entry Personal Name
001 - CONTROL NUMBER
- control field: 55027
003 - CONTROL NUMBER IDENTIFIER
- control field: OSt
005 - DATE AND TIME OF LATEST TRANSACTION
- control field: 20241011102828.0
008 - FIXED-LENGTH DATA ELEMENTS
- fixed length control field: 241011|| aca||aabn | a|a d
040 ## - CATALOGING SOURCE
- Original cataloging agency: OSt
- Transcribing agency: OSt
100 ## - HEADING--PERSONAL NAME
- Personal name: အံ့မောင်၊ ဦး
670 ## - SOURCE DATA FOUND
- Source citation: Work cat.: (OSt)16826: သိန်းလွင်၊ ဦး 11538, ဆံတော်ရှင်သမိုင်းအကျဥ်းချုပ်နှင့် ကေလာသစေတီတော်ကြီး၏ ထီးတော်ဌက်မြတ်နားတော်၊ စိန်ဖူးတော်များဆက်ကပ်လှူဒါန်းသည့် အတ္ထုပ္ပတ္တိ /, ၁၉၈၄။